000 00617nam a2200181Ia 4500
003 GCL
008 140319s9999 xx 000 0 ara d
040 _aGCL /
_cGCL
082 0 4 _a332.6
_bم ر
100 1 _aمحمد كامل درويش
245 1 0 _aرياضيات الاستثمار والتوظيف المالى: النظرية التحليلية للاستثمار الرياضى /
_cمحمد كامل درويش
260 _a[S.N] :
_bمنشورات بحوث الثقافة ،
_c1991
300 _a375 ص
490 _a
650 0 4 _aالاستثمار
650 0 4 _aالرياضيات
942 _2ddc
_cBK
999 _c29647
_d29647